000 00363pam a2200157a 44500
008 230515b2000 xxu||||| |||| 00| 0 eng d
020 _aNULL
041 _aENGLISH
082 _a621.3822 TSO
100 _aTSOULOS GEORGE
245 _aADAPTIVE ANTENNAS FOR WIRELESS COMMUNICATIONS
250 _a1
260 _a
_bNA
_c2000
300 _a763
650 _aNULL
999 _c638064
_d638064